| 000 | 00434cam a2200169ua 4500 | ||
|---|---|---|---|
| 020 | _c19.80 | ||
| 041 |
_aeng _h |
||
| 082 |
_a658.8 _b |
||
| 100 | _aHouce, Jones Manley . | ||
| 245 |
_aMarketing process : an introduction / _cJones Manley Houce. _hTextual Documents |
||
| 260 |
_aLondon : _bHarper and Row Publishers , _c1964. |
||
| 300 | _a604 ; . | ||
| 365 | _a19.80 | ||
| 504 | _a | ||
| 942 | _cBK | ||
| 999 |
_c2858 _d2858 |
||